| 000 -LEADER |
| fixed length control field |
00686nam a22002057a 4500 |
| 001 - CONTROL NUMBER |
| control field |
4215 |
| 003 - CONTROL NUMBER IDENTIFIER |
| control field |
BD-DhUAP |
| 005 - DATE AND TIME OF LATEST TRANSACTION |
| control field |
20210103112853.0 |
| 008 - FIXED-LENGTH DATA ELEMENTS--GENERAL INFORMATION |
| fixed length control field |
200303s1963 ii a|||| b||| 001 0 eng d |
| 040 ## - CATALOGING SOURCE |
| Original cataloging agency |
BD-DhUAP |
| Language of cataloging |
Eng |
| Transcribing agency |
BD-DhUAP |
| Modifying agency |
BD-DhUAP |
| 082 ## - DEWEY DECIMAL CLASSIFICATION NUMBER |
| Edition number |
23 |
| Classification number |
954.14 RAH |
| 100 ## - MAIN ENTRY--PERSONAL NAME |
| Personal name |
Rahim, M. A. |
| 245 ## - TITLE STATEMENT |
| Title |
Social and cultural history of Bengal / |
| Statement of responsibility, etc. |
M. A. Rahim. |
| 260 ## - PUBLICATION, DISTRIBUTION, ETC. |
| Place of publication, distribution, etc. |
Karachi : |
| Name of publisher, distributor, etc. |
Pakistan historical society, |
| Date of publication, distribution, etc. |
c1963. |
| 300 ## - PHYSICAL DESCRIPTION |
| Extent |
xxx, 453 pages : |
| Other physical details |
illustrations, |
| Dimensions |
23 cm. |
| 490 ## - SERIES STATEMENT |
| Series statement |
Pakistan Historical Society publication. |
| 504 ## - BIBLIOGRAPHY, ETC. NOTE |
| Bibliography, etc. note |
Includes bibliographical references and index. |
| 650 ## - SUBJECT ADDED ENTRY--TOPICAL TERM |
| Topical term or geographic name entry element |
Social life and customs |
| Form subdivision |
History |
| Geographic subdivision |
Bengal (India). |
| 942 ## - ADDED ENTRY ELEMENTS (KOHA) |
| Source of classification or shelving scheme |
|
| Koha item type |
Book |